|
|
|
|
| LEADER |
00000nam a22000007a 4500 |
| 005 |
20220218000532.0 |
| 007 |
cr|||| |||| |
| 008 |
220218s2020 br |||||s|||| 00||0 por d |
| 020 |
|
|
|a 978-65-5883-014-6
|
| 035 |
|
|
|a 36126
|
| 040 |
|
|
|a vLex
|
| 090 |
|
|
|c 13035
|d 13035
|
| 100 |
1 |
|
|a Novaes Martinez, Wladimir
|
| 245 |
1 |
0 |
|a Reforma da previdn̊cia social
|h [Recurso electrn̤ico] :
|b comentr̀ios a excertos da EC n. 103/19 /
|c Wladimir Novaes Martinez
|
| 256 |
|
|
|a Servicio en ln̕ea
|
| 260 |
|
|
|a San Pablo:
|b LTR,
|c 2020
|
| 300 |
|
|
|a 1 recurso electrn̤ico
|
| 506 |
1 |
|
|a Disponible solo en los productos indicados
|d vLex Global
|d vLex Global (Academic Edition, excluding Law Schools)
|d vLex Global (U.S. Academic Edition, Law Schools)
|d vLex Global (U.S. Academic Edition, excluding Law Schools)
|d vLex Global (Academic Edition, Law Schools)
|
| 650 |
0 |
4 |
|a Derecho Laboral y Seguridad Social
|z Brasil
|
| 740 |
0 |
|
|a vLex Libros (Servicio en ln̕ea)
|
| 856 |
4 |
0 |
|u https://app.vlex.com/#/sources/36126
|z Acceso restringido
|
| 942 |
|
|
|c BOOK
|
| 999 |
0 |
|
|a Labor law and social security
|